00364nam a2200097Ia 4500008004100000100002300041245011200064260005900176650001200235999001900247160725s9999 xx 000 0 und d aTomas, Grace Fe C. a(2013, March). Assessment and evaluation of learning. Kaizen Research Journal College of Nursing, 2, 35-47. bKaizen Research Journal College of NursingcMarch 2013 aNURSING c298031d298031